00297nam a22001097a 450000500170000002000230001703500130004010000180005324500600007126000400013130000160017120181218123616.0 c000.00a8126119217 aB-121829 aSharma, Manoj aDynamics of international politics. /c by Manoj Sharma aNew Delhi bAnmol publicationc2004 a415p.c23cm